01373nam0a22002891 4500001001100000005001700011021001900028035002600047100004100073101001300114102000700127105001800134200024200152210005800394215002300452300017800475320004500653513004800698606006600746702002100812702003600833702009700869702005900966801001801025801002201043852001801065rc\480559120250612222015.0 aRUb[60-30573] a(NLR Aleph) 008875163 a20130426d1960 |||y0rusy50 ca1 arusceng aRU aa z |||||1 aХимия координационных соединенийfРед. амер. изд. Дж. Бейлар, Д. БушgПер. с англ. О.Н. Адриановой [и др.]gПод ред. акад. И.И. Черняева aМоскваcИзд-во иностр. лит.d1960 a695 с.cил.d27 aДоп. тит. л.: The chemistry of the coordination compounds. Ed. by John C. Bailar. New York-London, Chapman and Hall, 1956. (Americ. chemical society monograph series) aБиблиогр. в конце глав0 aThe chemistry of the coordination compounds aКомплексные соединенияxХимия2psbo 1aБушbД.4340 1aАдриановаbО.Н.4730 143407ca8rusaЧерняевbИ. И.f1893-1966gИлья Ильич3RU\NLR\AUTH\770271244 1aБейларbД.Х.gДжон Христиан4340 0aRUbNLRgpsbo 1aRUbELAR2rusmarc aNLRj60-7/814